The 60 Second Communicator (Record no. 2746)

MARC details
000 -LEADER
fixed length control field 00414nam a22001697a 4500
005 - DATE AND TIME OF LATEST TRANSACTION
control field 20260330152341.0
008 - FIXED-LENGTH DATA ELEMENTS--GENERAL INFORMATION
fixed length control field 160615b xxu||||| |||| 00| 0 eng d
020 ## - INTERNATIONAL STANDARD BOOK NUMBER
ISBN 81-797-0423-4
041 ## - LANGUAGE CODE
Language code of text/sound track or separate title eng
082 ## - DEWEY DECIMAL CLASSIFICATION NUMBER
Item number 7689
100 ## - MAIN ENTRY--AUTHOR NAME
Personal name Erica Orloff & Kathy Lavison
245 ## - TITLE STATEMENT
Title The 60 Second Communicator
260 ## - PUBLICATION, DISTRIBUTION, ETC. (IMPRINT)
Place of publication Delhi
Name of publisher pearson education
Year of publication 2004
300 ## - PHYSICAL DESCRIPTION
Number of Pages 179
650 ## - SUBJECT ADDED ENTRY--TOPICAL TERM
Topical Term Management
942 ## - ADDED ENTRY ELEMENTS (KOHA)
Koha item type Books
Holdings
Lost status Damaged status Collection code Home library Current library Shelving location Date acquired Cost, normal purchase price Full call number Accession Number Koha item type
    LIFE SKILL JRU Library JRU Library SHELF-75-K 15/06/2016 110.00 7689 7689 Books
    MANAGEMENT JRU Library JRU Library SHELF-71-G 15/06/2016 110.00 7689 7690 Books
    MANAGEMENT JRU Library JRU Library SHELF - 69 G 15/06/2016 110.00 7689 7691 Books
    LIFE SKILL JRU Library JRU Library SHELF-102-F 15/06/2016 110.00 7689 7692 Books
      JRU Library   SHELF-32-H 15/06/2016 110.00 7689 7693 Books